00459pam a2200169 a 4500020000500000040002300005041001000028082001700038100002400055245006500079250001700144260005500161300001400216365001100230653001400241700003400255 c aDental College Lib aengh a611.018bKIT aKitamura, Hironori. aColor Atlas of Human Oral Histology / c.hTextual Documents a1st ed / b. aMissouri : bIshiyaku Euro America, Inc. , c1999. a362 ; c. a495.00 aHistology aoda, Masatoyo.aHess, John A.